| 000 | 00500nam a2200193Ia 4500 | ||
|---|---|---|---|
| 003 | GCL | ||
| 008 | 140319s9999 xx 000 0 eng d | ||
| 040 |
_aGCL / _cGCL |
||
| 082 | 0 | 4 |
_a745.61 _bY I |
| 100 | 1 | _aSAFADI, YASIN HAMED | |
| 245 | 1 | 0 |
_aISLAMIC CALLIGRAPHY / _cSAFADI, YASIN HAMED |
| 260 |
_a[S.N] : _bTHAMES AND HUDSON ، _c1992 |
||
| 300 | _a144 P | ||
| 650 | 0 | 4 | _aCALLIGRAPHY - ARABIC |
| 650 | 0 | 4 | _aCALLIGRAPHY - ISLAMIC |
| 650 | 0 | 4 | _aARTS |
| 650 | 0 | 4 | _aCALLIGRAPHY |
| 942 |
_2ddc _cBK |
||
| 999 |
_c16033 _d16033 |
||